<?xml version='1.0' encoding='UTF-8'?>
  <record xmlns="http://www.loc.gov/MARC21/slim">
    <leader>00000cam a22000007i 4500</leader>
    <controlfield tag="001">ocm68534591</controlfield>
    <controlfield tag="003">OCoLC</controlfield>
    <controlfield tag="005">20251018135734.9</controlfield>
    <controlfield tag="008">970117s1670    ne            000 0 dut d</controlfield>
    <datafield tag="040" ind1=" " ind2=" ">
      <subfield code="a">NLGGC</subfield>
      <subfield code="b">dut</subfield>
      <subfield code="e">fobidrtb</subfield>
      <subfield code="c">NLGGC</subfield>
      <subfield code="d">OCLCO</subfield>
      <subfield code="d">OCLCA</subfield>
      <subfield code="d">OCLCL</subfield>
      <subfield code="d">OCLCQ</subfield>
    </datafield>
    <datafield tag="029" ind1="0" ind2=" ">
      <subfield code="a">NLGGC</subfield>
      <subfield code="b">155016415</subfield>
    </datafield>
    <datafield tag="035" ind1=" " ind2=" ">
      <subfield code="a">(OCoLC)68534591</subfield>
    </datafield>
    <datafield tag="100" ind1="1" ind2=" ">
      <subfield code="a">Mayvogel, Jacob Coenraetsz,</subfield>
      <subfield code="d">17e eeuw.</subfield>
      <subfield code="1">https://id.oclc.org/worldcat/entity/E39PCjCWcvvXTdtWjkYqDHmPQq</subfield>
    </datafield>
    <datafield tag="245" ind1="1" ind2="0">
      <subfield code="a">Gulden-spiegel, ofte op-weckinge tot Christelijcke deughden, af-gebeelt in twee deelen, waer in vertoont werdt de schadelickheyt der sonden ... :</subfield>
      <subfield code="b">noch is hier by-gevoeght Thamers ontschaking of de verdoolde liefde van Amnon, als mede De vermaeckelijcke bruylofs-kroon ... /</subfield>
      <subfield code="c">gerijmt door Jacob Coenraeds May-vogel ; verçiert met aerdige konst-platen.</subfield>
    </datafield>
    <datafield tag="246" ind1="3" ind2=" ">
      <subfield code="a">Thamers ontschaking, of de verdoolde liefde van Amnon</subfield>
    </datafield>
    <datafield tag="246" ind1="3" ind2=" ">
      <subfield code="a">Thamars ontschakingh, of de verdoolde liefde van Amnon</subfield>
    </datafield>
    <datafield tag="246" ind1="3" ind2=" ">
      <subfield code="a">vermaeckelijcke bruylofs-kroon</subfield>
    </datafield>
    <datafield tag="246" ind1="3" ind2=" ">
      <subfield code="a">Vermakelycke bruylofts-kroon</subfield>
    </datafield>
    <datafield tag="260" ind1=" " ind2=" ">
      <subfield code="a">Tot Amsterdam :</subfield>
      <subfield code="b">by Michiel de Groot,</subfield>
      <subfield code="c">1670.</subfield>
    </datafield>
    <datafield tag="300" ind1=" " ind2=" ">
      <subfield code="a">? :</subfield>
      <subfield code="b">ill. ;</subfield>
      <subfield code="c">16 cm.</subfield>
    </datafield>
    <datafield tag="336" ind1=" " ind2=" ">
      <subfield code="a">tekst</subfield>
      <subfield code="b">txt</subfield>
      <subfield code="2">rdacontent/dut</subfield>
    </datafield>
    <datafield tag="337" ind1=" " ind2=" ">
      <subfield code="a">zonder medium</subfield>
      <subfield code="b">n</subfield>
      <subfield code="2">rdamedia/dut</subfield>
    </datafield>
    <datafield tag="338" ind1=" " ind2=" ">
      <subfield code="a">band</subfield>
      <subfield code="b">nc</subfield>
      <subfield code="2">rdacarrier/dut</subfield>
    </datafield>
    <datafield tag="500" ind1=" " ind2=" ">
      <subfield code="a">Thamers ontschaking en De vermaeckelijcke bruylofs-kroon met eigen titelblad en paginering.</subfield>
    </datafield>
    <datafield tag="500" ind1=" " ind2=" ">
      <subfield code="a">Op het titelblad van Thamers ontschaking luidt de naam van de schrijver: J. C. Meyvogel.</subfield>
    </datafield>
    <datafield tag="510" ind1="0" ind2=" ">
      <subfield code="a">Landwehr, Emblem books Low C. 430</subfield>
    </datafield>
    <datafield tag="510" ind1="0" ind2=" ">
      <subfield code="a">Praz 416</subfield>
    </datafield>
    <datafield tag="758" ind1=" " ind2=" ">
      <subfield code="a">Gulden spiegel, ofte opweckinge tot Christelijcke deughden (Text)</subfield>
      <subfield code="1">https://id.oclc.org/worldcat/entity/E39PCYkpk4JMccwMKWvp8bY4C3</subfield>
      <subfield code="4">https://id.oclc.org/worldcat/ontology/hasWork</subfield>
    </datafield>
    <datafield tag="776" ind1="0" ind2=" ">
      <subfield code="t">Gulden-spiegel, ofte op-weckinge tot Christelijcke deughden, af-gebeelt in twee deelen, waer in vertoont werdt de schadelickheyt der sonden ...</subfield>
      <subfield code="w">(NL-LeOCL)426101588</subfield>
    </datafield>
    <datafield tag="936" ind1=" " ind2=" ">
      <subfield code="a">BATCHLOAD</subfield>
    </datafield>
  </record>